000
00293nam a22001337a 4500
008
181206b xxu||||| |||| 00| 0 eng d
020
_a
394336216
041
_a
eng
080
_2
3rd
_a
159.9
100
_a
48
101
_a
PSI
245
_a
Human Development
_c
Zanden,J.W.V
942
_2
udc
_c
BK
999
_c
52937
_d
52937